00615nam a2200169 i 450000100060000000300090000600500170001500700030003200800410003510000380007624501140011426000320022830000270026085200210028799900170030895201200032561927ES-MaACL20250831063033.0t|031114s1912 fr ||||1| fre d1 aFebvre, Lucien,d1878-195694904710aPhilippe II -et la Franche- conté b: etude d'histoire politique, religiense et sociale / cLucien Fefvbre. aParis : bChampion, c1912. aLVI, 807 p. ; c25 cm. aES-MaACLjC-1084 c61927d61927 00104070aATENEOMbATENEOMcSPALd2008-01-17eSCl0oC-1084p1064928r2023-02-23 00:00:00w2023-02-23yMONOGRAFIA